| 000 | 00815nam a22002417a 4500 | ||
|---|---|---|---|
| 001 | 3572 | ||
| 003 | FISKH | ||
| 005 | 20240321145810.0 | ||
| 008 | 240321b cb ||||| |||| 00| 0 eng d | ||
| 040 |
_aFISK _beng _cFISK _dFISK |
||
| 050 | _aPZ10.H43 | ||
| 082 | _a823.91 | ||
| 100 |
_aHenry Marguerite _d1902-1997 |
||
| 245 |
_aKing of the wind / _cMarguerite Henry |
||
| 260 |
_aNew York : _bScholastic, _c1948 |
||
| 300 |
_a192 pages : _cillustrations, _e20 cm |
||
| 505 | _aN | ||
| 520 | _aSham and the stable boy Agba travel from Morocco to France to England where, at last, Sham's majesty is recognized and he becomes the "Godolphin Arabian," ancestor of the most superior Thoroughbred horses. | ||
| 521 | 8 |
_a830 _bLexile |
|
| 700 | _aMarguerite Henry | ||
| 942 |
_2ddc _cBK _n0 |
||
| 999 |
_c3572 _d3572 |
||